[Event "Oberliga Bayern 2122"]
[Site "Bayern"]
[Date "2022.03.13"]
[Round "6.6"]
[White "Seifert, Volker"]
[Black "Shahin, Walid"]
[Result "1-0"]
[WhiteElo "2273"]
[BlackElo "2055"]
[PlyCount "63"]
[EventDate "2021.10.24"]
[EventType "team-tourn"]
[EventRounds "9"]
[EventCountry "GER"]
[SourceTitle "EXT 2024"]
[Source "ChessBase"]
[SourceDate "2023.10.10"]
[SourceVersion "1"]
[SourceVersionDate "2023.10.10"]
[SourceQuality "1"]
[WhiteTeam "Garching"]
[BlackTeam "Groebenzell"]
[WhiteTeamCountry "GER"]
[BlackTeamCountry "GER"]

1. d4 d5 2. c4 e6 3. Nc3 c6 4. e3 Nf6 5. Nf3 Nbd7 6. Bd3 dxc4 7. Bxc4 b5 8. Bd3 a6 9. a4 b4 10. Ne4 Bb7 11. Ned2 c5 12. a5 Be7 13. Nc4 0-0 14. 0-0 Rc8 15. Qe2 Ne4 16. Rd1 Qc7 17. Nfe5 Nxe5 18. dxe5 f5 19. f3 Ng5 20. b3 Nf7 21. Bb2 Rcd8 22. f4 Qc6 23. Nb6 g5 24. Bxa6 Bxa6 25. Qxa6 gxf4 26. exf4 Qe4 27. Qc4 Qc6 28. Qe2 Rxd1+ 29. Rxd1 Rb8 30. Nc4 Qb5 31. Qf3 Kh8 32. Nd6 1-0

[Event "BL2-Ost 1819"]
[Site "Germany"]
[Date "2019.03.24"]
[Round "10.7"]
[White "Casper, Thomas"]
[Black "Shahin, Walid"]
[Result "1-0"]
[WhiteElo "2353"]
[BlackElo "2115"]
[PlyCount "39"]
[EventDate "2018.11.10"]
[EventType "team-tourn"]
[EventRounds "10"]
[EventCountry "GER"]
[SourceTitle "CBM 190 Extra"]
[Source "ChessBase"]
[SourceDate "2019.07.15"]
[SourceVersion "1"]
[SourceVersionDate "2019.07.15"]
[SourceQuality "1"]
[WhiteTeam "Erfurt"]
[BlackTeam "Weilheim"]
[WhiteTeamCountry "GER"]
[BlackTeamCountry "GER"]

1. e4 e6 2. d4 d5 3. exd5 exd5 4. Nf3 Nc6 5. Bb5 Qe7+ 6. Be3 Qb4+ 7. Nc3 Bd6 8. a3 Qa5 9. 0-0 a6 10. Bd3 Nge7 11. h3 Be6 12. Ng5 Nd8 13. Qh5 h6 14. Nxe6 Nxe6 15. b4 g6 16. Qf3 Qb6 17. Nxd5 Nxd5 18. Qxd5 0-0-0 19. Qc4 Bf4 20. d5 1-0

[Event "BL2-Ost 1819"]
[Site "Germany"]
[Date "2019.03.23"]
[Round "9.7"]
[White "Shahin, Walid"]
[Black "Burian, Simon"]
[Result "1-0"]
[WhiteElo "2115"]
[BlackElo "2039"]
[PlyCount "75"]
[EventDate "2018.11.10"]
[EventType "team-tourn"]
[EventRounds "10"]
[EventCountry "GER"]
[SourceTitle "CBM 190 Extra"]
[Source "ChessBase"]
[SourceDate "2019.07.15"]
[SourceVersion "1"]
[SourceVersionDate "2019.07.15"]
[SourceQuality "1"]
[WhiteTeam "Weilheim"]
[BlackTeam "Plauen Koenig"]
[WhiteTeamCountry "GER"]
[BlackTeamCountry "GER"]

1. d4 Nf6 2. c4 g6 3. Nc3 d5 4. cxd5 Nxd5 5. Bd2 Bg7 6. e4 Nb6 7. Be3 0-0 8. Bb5 a6 9. Be2 Qd6 10. Nf3 Nc6 11. d5 Ne5 12. Nxe5 Bxe5 13. Qd2 Qb4 14. 0-0 Nc4 15. Bxc4 Qxc4 16. Rac1 Rd8 17. Rfe1 e6 18. Bg5 f6 19. Bf4 Bxf4 20. Qxf4 Rf8 21. dxe6 Bxe6 22. Nd5 Qxa2 23. Nxf6+ Kg7 24. Rxc7+ Rf7 25. Qe5 Kf8 26. Nxh7+ Kg8 27. Nf6+ Kf8 28. Nd5 Rxc7 29. Nxc7 Re8 30. Qf6+ Bf7 31. Nxe8 Qa5 32. Rc1 Kxe8 33. Qd6 Bc4 34. Qxg6+ Ke7 35. Qg7+ Bf7 36. e5 Qb6 37. Qg5+ Kd7 38. Qf6 1-0

[Event "BL2-Ost 1819"]
[Site "Germany"]
[Date "2019.02.23"]
[Round "7.8"]
[White "Shahin, Walid"]
[Black "Heimrath, Reiner"]
[Result "0-1"]
[WhiteElo "2115"]
[BlackElo "2238"]
[PlyCount "118"]
[EventDate "2018.11.10"]
[EventType "team-tourn"]
[EventRounds "10"]
[EventCountry "GER"]
[SourceTitle "CBM 190 Extra"]
[Source "ChessBase"]
[SourceDate "2019.07.15"]
[SourceVersion "1"]
[SourceVersionDate "2019.07.15"]
[SourceQuality "1"]
[WhiteTeam "Weilheim"]
[BlackTeam "Nuernberg NT"]
[WhiteTeamCountry "GER"]
[BlackTeamCountry "GER"]

1. d4 Nf6 2. Bf4 d6 3. e3 Nbd7 4. Nf3 c5 5. c3 g6 6. h3 Bg7 7. Nbd2 0-0 8. Be2 b6 9. 0-0 Bb7 10. Bh2 a6 11. a4 Rb8 12. Qb3 Qc7 13. Rfe1 Qc6 14. e4 cxd4 15. Nxd4 Qc5 16. Qc2 Rfc8 17. N4b3 Qc7 18. Bf1 b5 19. axb5 axb5 20. Na5 Ba8 21. Qb3 Qc5 22. Bf4 b4 23. c4 Qc7 24. Qc2 e5 25. Be3 d5 26. f3 d4 27. Bf2 Nc5 28. Nab3 Ne6 29. g3 Nd7 30. Ra2 Bb7 31. Rea1 Rf8 32. Ra7 Qb6 33. R7a5 Rfc8 34. Bd3 Bh6 35. Qd1 Qd8 36. Rb5 Bc6 37. Rxb8 Rxb8 38. Na5 Ba8 39. Ndb3 Bf8 40. Qd2 Qc7 41. h4 Rc8 42. Bf1 Nb6 43. Rc1 Nd7 44. Bh3 Qd6 45. Kg2 Be7 46. c5 Ndxc5 47. Qxb4 Rb8 48. Qc4 Qb6 49. Bxe6 Nxe6 50. Qa4 Bf8 51. Qd7 Rd8 52. Qa4 Qa6 53. Qa1 Qb5 54. Nd2 Nc5 55. Nac4 Nd3 56. Rb1 Bb4 57. b3 Bc6 58. Qa4 Ra8 59. Qxb5 Bxb5 0-1

[Event "Innsbruck op-A 2nd"]
[Site "Innsbruck"]
[Date "2018.09.01"]
[Round "9"]
[White "Svanda, Ondrej"]
[Black "Shahin, Walid"]
[Result "1/2-1/2"]
[WhiteElo "2241"]
[BlackElo "2136"]
[PlyCount "38"]
[EventDate "2018.08.24"]
[EventType "swiss"]
[EventRounds "9"]
[EventCountry "AUT"]
[SourceTitle "CBM 186 Extra"]
[Source "ChessBase"]
[SourceDate "2018.08.24"]
[SourceVersion "1"]
[SourceVersionDate "2018.08.24"]
[SourceQuality "1"]

1. e4 e6 2. d4 d5 3. Nc3 Nf6 4. Bg5 Bb4 5. exd5 exd5 6. Qf3 Nbd7 7. 0-0-0 Bxc3 8. Qxc3 Ne4 9. Bxd8 Nxc3 10. bxc3 Kxd8 11. Bd3 Nb6 12. Ne2 Bg4 13. f3 Bh5 14. Nf4 Bg6 15. h4 c6 16. h5 Bxd3 17. cxd3 Kd7 18. Rde1 Rae8 19. Kd2 Nc8 1/2-1/2

[Event "Innsbruck op-A 2nd"]
[Site "Innsbruck"]
[Date "2018.08.31"]
[Round "8"]
[White "Shahin, Walid"]
[Black "Siddharth, Jagadeesh"]
[Result "0-1"]
[WhiteElo "2136"]
[BlackElo "1981"]
[PlyCount "58"]
[EventDate "2018.08.24"]
[EventType "swiss"]
[EventRounds "9"]
[EventCountry "AUT"]
[SourceTitle "CBM 186 Extra"]
[Source "ChessBase"]
[SourceDate "2018.08.24"]
[SourceVersion "1"]
[SourceVersionDate "2018.08.24"]
[SourceQuality "1"]

1. d4 Nf6 2. c4 e6 3. Nc3 d5 4. cxd5 exd5 5. Bg5 Be7 6. e3 c6 7. Bd3 Nbd7 8. Qc2 g6 9. Nge2 Nh5 10. Bxe7 Qxe7 11. g4 Ng7 12. 0-0-0 Nb6 13. h3 Bd7 14. Kb1 0-0-0 15. Ka1 h5 16. Nf4 hxg4 17. hxg4 Rxh1 18. Rxh1 Bxg4 19. Rh7 Qf6 20. a4 g5 21. Nfe2 Nc4 22. Bxc4 dxc4 23. Ng3 Nf5 24. Nge4 Qg6 25. Rh1 Nh4 26. Rg1 Bf5 27. f4 g4 28. Rh1 g3 29. Rxh4 g2 0-1

[Event "Innsbruck op-A 2nd"]
[Site "Innsbruck"]
[Date "2018.08.24"]
[Round "1"]
[White "Haimovich, Tal"]
[Black "Shahin, Walid"]
[Result "1-0"]
[WhiteElo "2416"]
[BlackElo "2136"]
[PlyCount "59"]
[EventDate "2018.08.24"]
[EventType "swiss"]
[EventRounds "9"]
[EventCountry "AUT"]
[SourceTitle "CBM 186 Extra"]
[Source "ChessBase"]
[SourceDate "2018.08.24"]
[SourceVersion "1"]
[SourceVersionDate "2018.08.24"]
[SourceQuality "1"]

1. e4 e6 2. d4 d5 3. Nc3 Nf6 4. Bg5 Bb4 5. exd5 Qxd5 6. Bxf6 gxf6 7. Qd2 Bxc3 8. Qxc3 Bd7 9. Ne2 Nc6 10. Qb3 Qxb3 11. axb3 Nb4 12. Kd2 Bc6 13. f3 h5 14. h4 a6 15. c3 Nd5 16. Ng3 Ke7 17. Ke1 Ne3 18. Kf2 Nxf1 19. Rhxf1 f5 20. Rfe1 Kf6 21. Ne2 Kg6 22. Nf4+ Kh6 23. Ra5 Bb5 24. c4 b6 25. Ra3 Bd7 26. b4 a5 27. Rea1 Rab8 28. Nd3 axb4 29. Ra7 Rhc8 30. Nxb4 1-0

[Event "Oberbayern-ch"]
[Site "Groebenzell"]
[Date "2018.05.13"]
[Round "7.4"]
[White "Schlosser, Andree"]
[Black "Shahin, Walid"]
[Result "0-1"]
[WhiteElo "2087"]
[BlackElo "2084"]
[PlyCount "63"]
[EventDate "2018.05.10"]
[EventType "swiss"]
[EventRounds "7"]
[EventCountry "GER"]
[SourceTitle "EXT 2022"]
[Source "ChessBase"]
[SourceDate "2021.10.06"]
[SourceVersion "1"]
[SourceVersionDate "2021.10.06"]
[SourceQuality "1"]

1. c4 g6 2. g3 Bg7 3. Bg2 e5 4. Nc3 f5 5. e3 Nc6 6. Nge2 Nf6 7. d4 e4 8. h4 Qe7 9. Nf4 Qf7 10. b3 d6 11. Ba3 a5 12. c5 d5 13. Bf1 Bd7 14. Bb5 Nb4 15. Bxd7+ Qxd7 16. Bxb4 axb4 17. Na4 Bh6 18. Ng2 0-0 19. Qe2 Rfb8 20. 0-0 Bf8 21. Rfc1 h6 22. Rc2 g5 23. Rac1 Qc6 24. Rf1 Be7 25. f4 gxh4 26. Nxh4 Qe6 27. Qe1 Ng4 28. Ng2 Qg6 29. Qxb4 Qh5 30. Nh4 Nxe3 31. Rh2 Nxf1 32. Qe1 0-1

[Event "Oberbayern-ch"]
[Site "Groebenzell"]
[Date "2018.05.12"]
[Round "6.1"]
[White "Shahin, Walid"]
[Black "Salvermoser, Bernd"]
[Result "1-0"]
[WhiteElo "2084"]
[BlackElo "2191"]
[PlyCount "63"]
[EventDate "2018.05.10"]
[EventType "swiss"]
[EventRounds "7"]
[EventCountry "GER"]
[SourceTitle "EXT 2022"]
[Source "ChessBase"]
[SourceDate "2021.10.06"]
[SourceVersion "1"]
[SourceVersionDate "2021.10.06"]
[SourceQuality "1"]

1. d4 Nf6 2. c4 c5 3. d5 b5 4. Nd2 bxc4 5. e4 Ba6 6. Qc2 Qa5 7. Ne2 e6 8. Nc3 Qb4 9. Be2 exd5 10. e5 d4 11. Bf3 Nc6 12. exf6 d3 13. Qd1 Rc8 14. 0-0 Nd4 15. Qe1+ Ne6 16. Nde4 gxf6 17. Nxf6+ Kd8 18. Qe5 Qb8 19. Qh5 Bg7 20. Qxf7 Qd6 21. Nfe4 Qe5 22. Bg4 Rf8 23. Ng5 Qxg5 24. Bxg5+ Kc7 25. Bxe6 Rxf7 26. Bxf7 Bxc3 27. bxc3 Rf8 28. Be7 Rxf7 29. Bxc5 Bb5 30. f4 Ba4 31. f5 d2 32. g4 1-0

[Event "BL2-Ost 1718"]
[Site "Germany"]
[Date "2018.02.25"]
[Round "10.7"]
[White "Shahin, Walid"]
[Black "Kukov, Velislav"]
[Result "1/2-1/2"]
[WhiteElo "2150"]
[BlackElo "2378"]
[PlyCount "42"]
[EventDate "2017.10.21"]
[EventType "team-tourn"]
[EventRounds "10"]
[EventCountry "GER"]
[SourceTitle "CBM 183 Extra"]
[Source "ChessBase"]
[SourceDate "2018.04.19"]
[SourceVersion "1"]
[SourceVersionDate "2018.04.19"]
[SourceQuality "1"]
[WhiteTeam "Weilheim"]
[BlackTeam "Augsburg"]
[WhiteTeamCountry "GER"]
[BlackTeamCountry "GER"]

1. d4 Nf6 2. c4 c6 3. Nc3 d5 4. cxd5 cxd5 5. Bf4 Nc6 6. Nf3 Bf5 7. Rc1 e6 8. e3 Be7 9. Bb5 0-0 10. Bxc6 bxc6 11. 0-0 Bg4 12. Na4 Rc8 13. h3 Bxf3 14. Qxf3 Ne4 15. Qd1 g5 16. Bh2 f5 17. Be5 Bf6 18. Nc5 Nxc5 19. Bxf6 Rxf6 20. Rxc5 Rh6 21. Qf3 Rg6 1/2-1/2

[Event "Munich OIS op 37th"]
[Site "Munich"]
[Date "2017.10.06"]
[Round "7"]
[White "Quante, Lennart"]
[Black "Shahin, Walid"]
[Result "1/2-1/2"]
[WhiteElo "2029"]
[BlackElo "2150"]
[PlyCount "67"]
[EventDate "2017.09.30"]
[EventType "swiss"]
[EventRounds "9"]
[EventCountry "GER"]
[SourceTitle "CBM 181 Extra"]
[Source "ChessBase"]
[SourceDate "2017.12.12"]
[SourceVersion "1"]
[SourceVersionDate "2017.12.12"]
[SourceQuality "1"]

1. d4 d5 2. c4 e6 3. Nf3 c6 4. e3 Nf6 5. b3 Bb4+ 6. Nbd2 Nbd7 7. a3 Bd6 8. Bb2 0-0 9. Be2 Qe7 10. Ne5 Bc7 11. Nd3 e5 12. dxe5 Nxe5 13. cxd5 Nxd3+ 14. Bxd3 cxd5 15. 0-0 Qd6 16. g3 Bg4 17. Qc2 Rac8 18. Bf5 Bxf5 19. Qxf5 Qe6 20. Qxe6 fxe6 21. Rac1 Bd6 22. Rfd1 Rc6 23. Rxc6 bxc6 24. b4 Nd7 25. Nb3 Rc8 26. Rc1 Kf7 27. Bd4 a6 28. Na5 e5 29. Nb7 Ke6 30. Bc5 Bxc5 31. Nxc5+ Nxc5 32. Rxc5 Kd6 33. Kf1 Rb8 34. Ra5 1/2-1/2

[Event "Oberliga Bayern 1617"]
[Site "Bayern"]
[Date "2017.04.02"]
[Round "8.6"]
[White "Shahin, Walid"]
[Black "Klebel, Martin"]
[Result "0-1"]
[WhiteElo "2108"]
[BlackElo "2300"]
[PlyCount "146"]
[EventDate "2016.10.16"]
[EventType "team-tourn"]
[EventRounds "9"]
[EventCountry "GER"]
[SourceTitle "EXT 2019"]
[Source "ChessBase"]
[SourceDate "2018.10.10"]
[SourceVersion "1"]
[SourceVersionDate "2018.10.10"]
[SourceQuality "1"]
[WhiteTeam "Weilheim"]
[BlackTeam "Bayern Muenchen II"]
[WhiteTeamCountry "GER"]
[BlackTeamCountry "GER"]

1. d4 d5 2. c4 c6 3. Nc3 Nf6 4. cxd5 cxd5 5. f3 e6 6. e4 dxe4 7. fxe4 Bb4 8. Qd3 0-0 9. Nf3 b6 10. Bg5 h6 11. Bh4 Ba6 12. Qe3 Bxf1 13. Rxf1 Be7 14. 0-0-0 Qc7 15. Bg3 Qb7 16. Kb1 Nbd7 17. d5 exd5 18. e5 Bc5 19. Qd3 Nh5 20. Nxd5 Nxg3 21. hxg3 Rfe8 22. Ng5 hxg5 23. Qf3 Nxe5 24. Nf6+ gxf6 25. Qxb7 Kg7 26. Qe4 a5 27. Qf5 Re6 28. Rh1 Rh8 29. Rh3 Ng6 30. a3 Re2 31. Rd7 Re5 32. Qc2 Rhe8 33. Ka2 R8e7 34. Rd8 Re8 35. Rd2 Re1 36. Rd7 R8e7 37. Rxe7 Rxe7 38. Rh1 Re3 39. Rd1 Rxg3 40. Rd3 Rg4 41. Qe2 Ne5 42. Rd8 Rf4 43. Qb5 Rf2 44. Qe8 Rxg2 45. Qh8+ Kg6 46. Qh3 Rg4 47. Rg8+ Kf5 48. Qf1+ Rf4 49. Qb1+ Ke6 50. Re8+ Kd7 51. Rg8 Bd4 52. Qd1 Nc6 53. Qh5 Ke7 54. Qe2+ Ne5 55. Qb5 Ke6 56. Qb3+ Kf5 57. Qc2+ Re4 58. Rd8 Kf4 59. Qd2+ Be3 60. Qh2+ Kg4 61. Rd1 Nf3 62. Qh7 Re7 63. Qh1 Bc5 64. Rd3 Re3 65. Rd7 Re2 66. Rd3 Rf2 67. Qd1 f5 68. Qa4+ f4 69. Qd7+ f5 70. Rd5 Nh4 71. Re5 f3 72. Re1 Re2 73. Rf1 Kg3 0-1

[Event "Oberliga Bayern 1617"]
[Site "Bayern"]
[Date "2017.02.05"]
[Round "5.6"]
[White "Gruber, Roland"]
[Black "Shahin, Walid"]
[Result "1-0"]
[WhiteElo "2194"]
[BlackElo "2108"]
[PlyCount "61"]
[EventDate "2016.10.16"]
[EventType "team-tourn"]
[EventRounds "9"]
[EventCountry "GER"]
[SourceTitle "EXT 2019"]
[Source "ChessBase"]
[SourceDate "2018.10.10"]
[SourceVersion "1"]
[SourceVersionDate "2018.10.10"]
[SourceQuality "1"]
[WhiteTeam "Regensburg Post/Sued"]
[BlackTeam "Weilheim"]
[WhiteTeamCountry "GER"]
[BlackTeamCountry "GER"]

1. Nf3 d5 2. c4 c6 3. e3 Nf6 4. Nc3 a6 5. Qc2 g6 6. b3 Bg7 7. Bb2 0-0 8. Be2 Re8 9. d3 e5 10. 0-0 Bf5 11. e4 Bg4 12. c5 Bc8 13. Na4 Nbd7 14. Rfe1 d4 15. Nd2 Bf8 16. b4 b5 17. cxb6 Bxb4 18. Red1 Nxb6 19. Nxb6 Qxb6 20. Nc4 Qc7 21. Rab1 Bf8 22. f4 exf4 23. Bxd4 Nd7 24. Bc3 Bg7 25. d4 Rb8 26. e5 Rxb1 27. Rxb1 c5 28. Ba5 Qa7 29. Nd6 Rf8 30. Kh1 Kh8 31. Bf3 1-0

[Event "Portoroz op 10th"]
[Site "Portoroz"]
[Date "2016.07.28"]
[Round "7"]
[White "Shahin, Walid"]
[Black "Orel, Simona"]
[Result "1-0"]
[WhiteElo "2148"]
[BlackElo "1915"]
[PlyCount "53"]
[EventDate "2016.07.23"]
[EventType "swiss"]
[EventRounds "9"]
[EventCountry "SLO"]
[SourceTitle "CBM 173 Extra"]
[Source "ChessBase"]
[SourceDate "2016.08.29"]
[SourceVersion "1"]
[SourceVersionDate "2016.08.29"]
[SourceQuality "1"]

1. d4 d5 2. Nf3 Nf6 3. c4 c6 4. Nc3 e6 5. e3 Nbd7 6. Bd3 a6 7. b3 Bb4 8. Bd2 b5 9. 0-0 0-0 10. Nxd5 Nxd5 11. cxd5 Bxd2 12. dxe6 fxe6 13. Qxd2 c5 14. dxc5 Bb7 15. c6 Bxc6 16. Nd4 Bxg2 17. Kxg2 Qg5+ 18. Kh1 Qd5+ 19. f3 Rad8 20. Be4 Qd6 21. Qg2 Nf6 22. Rac1 Rc8 23. Rg1 Qd7 24. Rxc8 Rxc8 25. Nxe6 Ne8 26. Nxg7 Nxg7 27. Bf5 1-0

[Event "Portoroz op 10th"]
[Site "Portoroz"]
[Date "2016.07.23"]
[Round "1"]
[White "Shahin, Walid"]
[Black "Brecevic, Liam"]
[Result "1-0"]
[WhiteElo "2148"]
[BlackElo "1658"]
[PlyCount "77"]
[EventDate "2016.07.23"]
[EventType "swiss"]
[EventRounds "9"]
[EventCountry "SLO"]
[SourceTitle "CBM 173 Extra"]
[Source "ChessBase"]
[SourceDate "2016.08.29"]
[SourceVersion "1"]
[SourceVersionDate "2016.08.29"]
[SourceQuality "1"]

1. d4 d5 2. Nf3 Nf6 3. c4 e6 4. Nc3 b6 5. cxd5 exd5 6. Bg5 Be7 7. e3 0-0 8. Qa4 Bb7 9. Be2 Nbd7 10. 0-0 Ne4 11. Bxe7 Qxe7 12. Rac1 c5 13. Rfd1 Rfd8 14. Bb5 cxd4 15. Qxd4 Ndf6 16. h3 Rac8 17. Bd3 h6 18. Ne2 Nc5 19. Bf5 Ne6 20. Qh4 Ba6 21. Ned4 Nxd4 22. Nxd4 Rc4 23. b3 Rxc1 24. Rxc1 Qb4 25. Qf4 Re8 26. Rc7 Nh5 27. Qf3 Nf6 28. Rxa7 Bc8 29. Rc7 Ba6 30. Bc2 Qe1+ 31. Kh2 Qb4 32. Nf5 Bb5 33. Nxh6+ Kh8 34. Nxf7+ Kg8 35. Qg3 Bd7 36. Nh6+ Kh8 37. Nf5 Nh5 38. Qg6 Nf6 39. Qxg7# 1-0

[Event "Stuttgart-chA int"]
[Site "Ditzingen"]
[Date "2016.05.05"]
[Round "2"]
[White "Ikonnikov, Vyacheslav"]
[Black "Shahin, Walid"]
[Result "1-0"]
[WhiteElo "2545"]
[BlackElo "2140"]
[PlyCount "67"]
[EventDate "2016.05.05"]
[EventType "swiss"]
[EventRounds "7"]
[EventCountry "GER"]
[SourceTitle "EXT 2018"]
[Source "ChessBase"]
[SourceDate "2017.10.13"]
[SourceVersion "1"]
[SourceVersionDate "2017.10.13"]
[SourceQuality "1"]

1. d4 e6 2. c4 Bb4+ 3. Bd2 Bxd2+ 4. Qxd2 Nf6 5. Nc3 d6 6. Nf3 0-0 7. g3 Qe7 8. Bg2 Nc6 9. 0-0 e5 10. d5 Nb8 11. e4 a5 12. Ne1 Na6 13. Nd3 Nd7 14. f4 Nac5 15. Nf2 Nb6 16. b3 Bd7 17. f5 f6 18. Qe2 Kh8 19. h4 c6 20. g4 cxd5 21. exd5 Rfc8 22. Rab1 a4 23. Nfe4 axb3 24. Nxc5 Rxc5 25. axb3 Be8 26. Ra1 Rcc8 27. Ne4 Qc7 28. g5 Nd7 29. Qe3 fxg5 30. hxg5 Rxa1 31. Rxa1 Nf8 32. Qa7 Bh5 33. Qa5 Qd7 34. Qb6 1-0

[Event "Landesliga Sued 1516"]
[Site "Bayern"]
[Date "2015.12.13"]
[Round "4.7"]
[White "Shahin, Walid"]
[Black "Kuecher, Wolfgang"]
[Result "0-1"]
[WhiteElo "2109"]
[BlackElo "2129"]
[PlyCount "120"]
[EventDate "2015.10.11"]
[EventType "team-tourn"]
[EventRounds "9"]
[EventCountry "GER"]
[SourceTitle "EXT 2018"]
[Source "ChessBase"]
[SourceDate "2017.10.13"]
[SourceVersion "1"]
[SourceVersionDate "2017.10.13"]
[SourceQuality "1"]
[WhiteTeam "Weilheim"]
[BlackTeam "Rottal"]
[WhiteTeamCountry "GER"]
[BlackTeamCountry "GER"]

1. d4 Nf6 2. c4 c5 3. Nf3 cxd4 4. Nxd4 Nc6 5. g3 g6 6. Bg2 Bg7 7. 0-0 0-0 8. Nc3 Nxd4 9. Qxd4 d6 10. Qd2 Qc7 11. b3 Bd7 12. Bb2 Bc6 13. e4 Rfd8 14. Rac1 Rac8 15. Nd5 Bxd5 16. exd5 Ne8 17. h4 Bxb2 18. Qxb2 Nf6 19. Rfe1 Re8 20. Bf3 h5 21. Qd2 Qd7 22. Qg5 Qf5 23. Qxf5 gxf5 24. Rc3 Kg7 25. Rec1 Rc7 26. Kf1 Rec8 27. Ke2 Ng4 28. Bxg4 hxg4 29. Kd3 Kf6 30. b4 b6 31. a4 e6 32. dxe6 fxe6 33. Ra1 e5 34. a5 d5 35. axb6 dxc4+ 36. Kc2 axb6 37. Ra6 Rc6 38. b5 Rd6 39. Rca3 Rc5 40. Ra8 e4 41. R3a7 Rxb5 42. Rf8+ Ke5 43. Raf7 Kd4 44. Rxf5 Rdd5 45. Rd8 Rxd8 46. Rxb5 Rf8 47. Rxb6 Rxf2+ 48. Kd1 Rf3 49. Ke2 Rxg3 50. Rd6+ Ke5 51. Rc6 Kd5 52. Rc8 Rh3 53. Rd8+ Kc5 54. Kf2 c3 55. Rc8+ Kd4 56. Rd8+ Kc4 57. Rc8+ Kd3 58. Rd8+ Kc2 59. Kg2 Rd3 60. Re8 Kd2 0-1

[Event "Landesliga Sued 1415"]
[Site "Bayern"]
[Date "2015.01.18"]
[Round "5.8"]
[White "Shahin, Walid"]
[Black "Spiesberger, Gerhard"]
[Result "1-0"]
[WhiteElo "2109"]
[BlackElo "2055"]
[PlyCount "52"]
[EventDate "2014.10.19"]
[EventType "team-tourn"]
[EventRounds "9"]
[EventCountry "GER"]
[SourceTitle "EXT 2018"]
[Source "ChessBase"]
[SourceDate "2017.10.13"]
[SourceVersion "1"]
[SourceVersionDate "2017.10.13"]
[SourceQuality "1"]
[WhiteTeam "Weilheim"]
[BlackTeam "Rottal"]
[WhiteTeamCountry "GER"]
[BlackTeamCountry "GER"]

1. d4 e6 2. c4 Bb4+ 3. Bd2 Qe7 4. Nf3 f5 5. g3 Nf6 6. Bg2 0-0 7. 0-0 Bxd2 8. Qxd2 d6 9. Nc3 Nc6 10. Rad1 e5 11. Nd5 Nxd5 12. cxd5 Nxd4 13. Nxd4 exd4 14. Qf4 Bd7 15. Rfe1 c5 16. dxc6 Bxc6 17. Rxd4 Rad8 18. Qd2 Rf6 19. e3 g5 20. Bd5+ Bxd5 21. Rxd5 g4 22. Rd1 b6 23. Qd4 Kg7 24. Rxf5 Qe6 25. Qxf6+ Qxf6 26. Rxf6 Kxf6 1-0

[Event "Landesliga Sued 1314"]
[Site "Bayern"]
[Date "2014.01.19"]
[Round "5.6"]
[White "Spiesberger, Gerhard"]
[Black "Shahin, Walid"]
[Result "1/2-1/2"]
[WhiteElo "2114"]
[BlackElo "2047"]
[PlyCount "44"]
[EventDate "2013.10.13"]
[EventType "team-tourn"]
[EventRounds "9"]
[EventCountry "GER"]
[SourceTitle "EXT 2015"]
[Source "ChessBase"]
[SourceDate "2014.11.20"]
[SourceVersion "1"]
[SourceVersionDate "2014.11.20"]
[SourceQuality "1"]
[WhiteTeam "Rottal"]
[BlackTeam "Weilheim"]
[WhiteTeamCountry "GER"]
[BlackTeamCountry "GER"]

1. e4 e6 2. d4 d5 3. exd5 exd5 4. Bd3 Bd6 5. Nf3 Ne7 6. 0-0 Bg4 7. Re1 c6 8. Nbd2 Nd7 9. Nf1 Qc7 10. c3 Bh5 11. Ng3 Bg6 12. Nf5 Bxf5 13. Bxf5 0-0-0 14. Rxe7 Bxe7 15. Ne5 g6 16. Bxd7+ Rxd7 17. Nxd7 Qxd7 18. Bf4 Re8 19. Qa4 a6 20. h3 Bd6 21. Bxd6 Qxd6 22. Qc2 Qe6 1/2-1/2

[Event "Capablanca Memorial op-B 48th"]
[Site "Havana"]
[Date "2013.04.29"]
[Round "8"]
[White "Vigoa Apecheche, Yadira"]
[Black "Shahin, Walid"]
[Result "1-0"]
[WhiteElo "1958"]
[BlackElo "2056"]
[PlyCount "31"]
[EventDate "2013.04.21"]
[EventType "swiss"]
[EventRounds "9"]
[EventCountry "CUB"]
[SourceTitle "CBM 154 Extra"]
[Source "ChessBase"]
[SourceDate "2013.06.25"]
[SourceVersion "2"]
[SourceVersionDate "2013.06.25"]
[SourceQuality "1"]

1. e4 e6 2. d3 d5 3. Nd2 c5 4. Ngf3 Nc6 5. g3 Bd6 6. Bg2 Nge7 7. 0-0 0-0 8. Re1 Qc7 9. c3 Rb8 10. Nf1 f5 11. e5 Nxe5 12. Nxe5 Bxe5 13. Rxe5 Qxe5 14. Bf4 Qf6 15. Bxb8 Nc6 16. Bd6 1-0

[Event "Capablanca Memorial op-B 48th"]
[Site "Havana"]
[Date "2013.04.23"]
[Round "3"]
[White "Shahin, Walid"]
[Black "Batista Suarez, Jeorling Yahytin"]
[Result "0-1"]
[WhiteElo "2056"]
[BlackElo "2251"]
[PlyCount "62"]
[EventDate "2013.04.21"]
[EventType "swiss"]
[EventRounds "9"]
[EventCountry "CUB"]
[SourceTitle "CBM 154 Extra"]
[Source "ChessBase"]
[SourceDate "2013.06.25"]
[SourceVersion "2"]
[SourceVersionDate "2013.06.25"]
[SourceQuality "1"]

1. d4 d5 2. c4 c6 3. Nf3 Nf6 4. Nc3 a6 5. e3 b5 6. b3 Bg4 7. Be2 Bxf3 8. Bxf3 e6 9. 0-0 Nbd7 10. cxd5 cxd5 11. Qd3 Rc8 12. Bd2 Be7 13. Rfc1 0-0 14. Rc2 Qb6 15. Rac1 Qb7 16. Nb1 b4 17. Be2 Nb8 18. f3 Rfd8 19. Be1 Ne8 20. Bg3 Nd6 21. Qd2 a5 22. Bxd6 Bxd6 23. Qd3 Rxc2 24. Qxc2 Nd7 25. Qc6 Qb8 26. h3 Nf6 27. Nd2 e5 28. dxe5 Bxe5 29. Rc5 Bc3 30. Nb1 d4 31. Qb5 Qg3 0-1